LEADER 00795nam0-2200229 --450 001 9910475357303321 005 20210608154822.0 100 $a20210608d1885----kmuy0itay5050 ba 101 0 $aita 102 $aIT 105 $a 001yy 200 1 $aSaggi e rassegne$eV. Hugo, A. Chenier, St. Beuve, Renan, Perrault, De Musset, Galiani, D'Ancona, Camerini, De Sanctis, Trezza, Canello, Guerrazzi, Leopardi, Prati, De Amicis, Fogazzaro, Verga, Capuana, M. Serao ecc.$f[di] Francesco Torraca 210 $aLivorno$cF. Vigo$d1885 215 $a470 p.$d19 cm 700 1$aTorraca,$bFrancesco$039461 801 0$aIT$bUNINA$gREICAT$2UNIMARC 901 $aBK 912 $a9910475357303321 952 $a3/XIV L 49$b17909$fFLFBC 959 $aFLFBC 996 $aSaggi e rassegne$9234363 997 $aUNINA